| 000 | 00341 a2200133 4500 | ||
|---|---|---|---|
| 020 | _a9971644258 | ||
| 090 |
_c1352 _d1352 |
||
| 100 | _aMei, Dr. Huang Chin | ||
| 245 | _aEffective parenting for the Asian Family | ||
| 260 |
_aSingapore _bHeinemann Asia _c1995 |
||
| 300 | _a209 p. | ||
| 500 | _aPapercover | ||
| 942 |
_aNBS _cBK _k301.42095 MEI |
||
| 999 |
_c343874 _d343874 |
||